• 首页
  • 本馆介绍
  • 公告通知
  • 最新文献
  • 馆藏检索
  • 电子资源
  • 读者导购
  • 参考咨询
  • 我的图书馆
  • 登录
  • 详细信息显示
  • 放入我的书架
  • 预约/预借图书
  • 作者相关作品
  • 分类相关作品
  • 丛书相关作品
  • 出版社相关作品

书目信息

  • 表格格式
  • 工作单格式
  • 卡片格式
题名:
不敢腐 不能腐 不想腐
    
 
作者: 方铭 , 徐苏林 主编 ;全国法制与廉政文化教育中心 编
分册:  
出版信息: 北京   清华大学出版社  2022
页数: 249页
开本: 24cm
丛书名: 反腐·法治系列丛书
单 册:
中图分类: D924.305
科图分类:
主题词: 职务犯罪--案例--中国
电子资源:
ISBN: 978-7-302-60716-8
000 01259nam 2200277 450
001 012024000134
005 20240924225024.0
010    @a978-7-302-60716-8@dCNY69.80
100    @a20240924d2022 em y0chiy50 ea
101 0  @achi
102    @aCN@b110000
105    @ay z 000yy
106    @ar
200 1  @a不敢腐 不能腐 不想腐@Abu gan fu bu neng fu bu xiang fu@e贪官忏悔警示录@f全国法制与廉政文化教育中心编
210    @a北京@c清华大学出版社@d2022
215    @a249页@d24cm
225 2  @a反腐·法治系列丛书
330    @a本书想通过一个个鲜活的案例,分析贪腐成因、查找预防盲点,以点带面,梳理各环节的监管漏洞,进而织密制度的笼子。本书也想通过一个个反面典型案例,教育警示各级领导干部这个“关键少数”,始终保持其政治判断力、政治领悟力和政治执行力,始终保持“赶考”的清醒,保持对“腐蚀”“围猎”的警觉。
410  0 @12001 @a反腐·法治系列丛书
606 0  @a职务犯罪@x案例@y中国
690    @aD924.305@v5
701  0 @a方铭@Afang ming@4主编
701  0 @a徐苏林@Axu su lin@4主编
712 02 @a全国法制与廉政文化教育中心@Aquan guo fa zhi yu lian zheng wen hua jiao yu zhong xin@4编
801  0 @aCN@bAHXH@c20240924
905    @b214135354@b214135363@b214135372@b214135381@b214135390@b214135407@b214135416@b214135425@b214135434@b214135443@dD924.305@e1007@f10
    
    不敢腐 不能腐 不想腐:贪官忏悔警示录/全国法制与廉政文化教育中心编.-北京:清华大学出版社,2022
    249页;24cm.-(反腐·法治系列丛书)
    
    
    ISBN 978-7-302-60716-8:CNY69.80
    本书想通过一个个鲜活的案例,分析贪腐成因、查找预防盲点,以点带面,梳理各环节的监管漏洞,进而织密制度的笼子。本书也想通过一个个反面典型案例,教育警示各级领导干部这个“关键少数”,始终保持其政治判断力、政治领悟力和政治执行力,始终保持“赶考”的清醒,保持对“腐蚀”“围猎”的警觉。
●
相关链接 在E读中查询图书 在五车中查询图书 在当当中查询图书 在豆瓣中查询图书


正题名:不敢腐 不能腐 不想腐     索取号:D924.305/1007         预约/预借

序号 登录号 条形码 馆藏地/架位号 状态 备注
1 1413535   214135354   第一样本阅览室/ [索取号:D924.305/1007] 在馆    
2 1413536   214135363   第一借阅区/ [索取号:D924.305/1007] 在馆    
3 1413537   214135372   第一借阅区/ [索取号:D924.305/1007] 在馆    
4 1413538   214135381   第一借阅区/ [索取号:D924.305/1007] 在馆    
5 1413539   214135390   第一借阅区/ [索取号:D924.305/1007] 在馆    
6 1413540   214135407   第一借阅区/ [索取号:D924.305/1007] 在馆    
7 1413541   214135416   第一借阅区/ [索取号:D924.305/1007] 在馆    
8 1413542   214135425   第一借阅区/ [索取号:D924.305/1007] 在馆    
9 1413543   214135434   第一借阅区/ [索取号:D924.305/1007] 在馆    
10 1413544   214135443   第一借阅区/ [索取号:D924.305/1007] 在馆    
唐山师范学院图书馆 欢迎您!
大连网信软件有限公司© 版权所有